| 000 | 00617nam a2200181 i 4500 | ||
|---|---|---|---|
| 001 | 71907 | ||
| 003 | ES-MaACL | ||
| 005 | 20230906171252.0 | ||
| 007 | t| | ||
| 008 | 040820s1961 sp ||||1| spa d | ||
| 100 | 1 |
_aGifford, Sanford R. _956702 |
|
| 245 | 1 | 0 |
_aManual de Oftalmología / _cpor Sanford R. Gifford ; renovado por Francis Heed Adler : traducción por Fermín Galíndez Iglesias. |
| 260 |
_aMadrid : _bEspasa-Calpe, _c1961. |
||
| 300 |
_aXVI, 609 p. : _bil. ; _c21 cm. |
||
| 700 | 1 |
_aAdler, Francis Heed. _918444 |
|
| 700 | 1 |
_aGalíndez Iglesias, Fermín. _953425 |
|
| 852 |
_aES-MaACL _jC-20516 _bR.48790 |
||
| 999 |
_c71907 _d71907 |
||